Normal view
MARC view
Entry Topical Term
001 - CONTROL NUMBER
- control field: 997
003 - CONTROL NUMBER IDENTIFIER
- control field: csc
005 - DATE AND TIME OF LATEST TRANSACTION
- control field: 20140507162054.0
008 - FIXED-LENGTH DATA ELEMENTS
- fixed length control field: 130522|| aca||aabn | a|a d
040 ## - CATALOGING SOURCE
- Original cataloging agency: csc
- Transcribing agency: csc
150 ## - HEADING--TOPICAL TERM
- Topical term or geographic name entry element: Motion picture actors and actresses
- Geographic subdivision: United States
- General subdivision: Biography.
670 ## - SOURCE DATA FOUND
- Source citation: Work cat.: (csc)237: Louise Brooks :, 1988.